[Event "FH 3"]
[Site "SchemingMind.com"]
[Date "2022.05.02"]
[Round "-"]
[White "Kenny Elliott"]
[Black "Drag0nBall"]
[Result "0-1"]
[WhiteCountry "USA"]
[BlackCountry "NCA"]
[WhiteElo "1538"]
[WhiteRD "73"]
[BlackElo "2159"]
[BlackRD "157"]
[GameID "723195"]

1. d4 Nf6 2. c4 e6 3. Nf3 d5 4. Bg5 dxc4 5. e3 b5 6. a3 a6 7. b3 cxb3 8. Qxb3 c5 9. Bxb5+ axb5 10. dxc5 Qa5+
11. Nbd2 Ne4 12. O-O Nxg5 13. Nxg5 Qxd2 14. Qxb5+ Qd7 15. Qxd7+ Bxd7 16. Ne4 Bc6 17. Nd6+ Bxd6 18. cxd6 Kd7 19. Rfd1 Na6 20. h3 f5
21. f4 Bd5 22. a4 Kxd6 23. a5 Rhb8 24. Kf2 Rb2+ 25. Kg3 Rxg2+ 26. Kh4 Rf8 27. Rg1 Rf6 28. Rxg2 Rh6+
0-1

[Event "FH 3"]
[Site "SchemingMind.com"]
[Date "2022.05.05"]
[Round "-"]
[White "Drag0nBall"]
[Black "mochiron"]
[Result "1-0"]
[WhiteCountry "NCA"]
[BlackCountry "JPN"]
[WhiteElo "2343"]
[WhiteRD "111"]
[BlackElo "1398"]
[BlackRD "82"]
[GameID "723196"]

1. e4 b6 2. d4 c5 3. dxc5 Bb7 4. cxb6 Qxb6 5. Nc3 e5 6. Nd5 Bxd5 7. Qxd5 Nc6 8. Bc4 Nce7 9. Qxa8+ Qd8 10. Bxf7+ Kxf7
11. Qxd8 Nf6 12. Qa8 g6 13. Qxa7 Bg7 14. Nf3 Nxe4 15. Qxd7 Nf6 16. Nxe5+ Kf8 17. Qe6
1-0

[Event "FH 3"]
[Site "SchemingMind.com"]
[Date "2022.05.01"]
[Round "-"]
[White "Derek Price"]
[Black "Drag0nBall"]
[Result "1/2-1/2"]
[WhiteCountry "ENG"]
[BlackCountry "NCA"]
[WhiteElo "2377"]
[WhiteRD "72"]
[BlackElo "2343"]
[BlackRD "111"]
[GameID "723197"]

1. c4 e6 2. g3 Nf6 3. Bg2 d5 4. Nf3 Be7 5. O-O O-O 6. b3 b6 7. Bb2 c5 8. e3 Bb7 9. Nc3 Qc8 10. Rc1 Rd8
11. cxd5 Nxd5 12. Nxd5 Bxd5 13. Re1 a5 14. d4 Be4 15. Nd2 Bxg2 16. Kxg2 Nd7 17. Qf3 Ne5 18. Qe4 f5 19. Qc2 Qb7+ 20. Kg1 cxd4
21. exd4 Rac8 22. Qb1 Rxc1 23. Bxc1 Nc6 24. Nf3 Nxd4 25. Nxd4 Rxd4 26. Be3 Rd5 27. Qc2 h6 28. Rd1 Rxd1+ 29. Qxd1 b5 30. h3 b4
31. Qd4 Kf7 32. Qe5 Bd8 33. Qd4 Qe7 34. Qd1 Qc7=
1/2-1/2

[Event "FH 3"]
[Site "SchemingMind.com"]
[Date "2022.05.01"]
[Round "-"]
[White "Drag0nBall"]
[Black "maro"]
[Result "1-0"]
[WhiteCountry "NCA"]
[BlackCountry "MEX"]
[WhiteElo "2159"]
[WhiteRD "157"]
[BlackElo "1425"]
[BlackRD "62"]
[GameID "723198"]

1. d4 e5 2. dxe5 Nc6 3. Nf3 h6 4. e4 Bc5 5. Nc3 d6 6. Na4 Bb6 7. Nxb6 axb6 8. exd6 cxd6 9. Bf4 Nf6 10. e5 dxe5
11. Qxd8+ Nxd8 12. Nxe5 Bf5 13. Bb5+ Ke7 14. Nc4 Nc6 15. O-O-O Rxa2 16. Bd6+ Kd7 17. Ba3+ Kc8 18. Nd6+ Kb8 19. Nxf5 Ra1+ 20. Kd2 Rd8+
21. Bd6+ Rxd6+ 22. Nxd6
1-0

[Event "FH 3"]
[Site "SchemingMind.com"]
[Date "2022.04.30"]
[Round "-"]
[White "Black Knight"]
[Black "Drag0nBall"]
[Result "0-1"]
[WhiteCountry "USA"]
[BlackCountry "NCA"]
[WhiteElo "1235"]
[WhiteRD "63"]
[BlackElo "2159"]
[BlackRD "157"]
[GameID "723199"]

1. e4 e5 2. Nf3 Nc6 3. Bb5 Nf6 4. O-O Nxe4 5. d4 Nd6 6. Bxc6 dxc6 7. dxe5 Nf5 8. Qxd8+ Kxd8 9. Rd1+ Ke8 10. Nc3 Ne7
11. Bg5 Bg4 12. Rd4 Be6 13. Rd2 h6 14. Bh4 Nf5 15. Rad1 Nxh4 16. Nxh4 Bb4 17. a3 Bxc3 18. bxc3 g5 19. Nf3 c5 20. h3 Ke7
21. Kh2 Rhd8 22. g4 Rxd2 23. Rxd2 b5 24. c4 Bxc4 25. Kg3 a5 26. Ne1 b4 27. Nd3 bxa3 28. c3 a2 29. Rd1 Bxd3 30. Ra1 Bb1
31. Kf3 Ke6 32. Ke2 Kxe5 33. Kd2 Kf4 34. Kc1 Kf3
0-1

[Event "FH 3"]
[Site "SchemingMind.com"]
[Date "2022.05.01"]
[Round "-"]
[White "Drag0nBall"]
[Black "JAHI"]
[Result "1-0"]
[WhiteCountry "NCA"]
[BlackCountry "INT"]
[WhiteElo "2359"]
[WhiteRD "112"]
[BlackElo "2167"]
[BlackRD "66"]
[GameID "723200"]

1. d4 a6 2. e4 g6 3. c4 Bg7 4. Nc3 Kf8 5. Be2 d6 6. Be3 b6 7. f4 Bb7 8. Nf3 Nd7 9. O-O e6 10. Qc2 h6
11. b4 Ne7 12. Rae1 Kg8 13. Bd3 Rh7 14. Bf2 Kh8 15. h3 Qg8 16. d5 Re8 17. Ne2 g5 18. e5 dxe5 19. fxe5 exd5 20. Ned4 Nf8
21. c5 b5 22. a4 c6 23. e6 fxe6 24. axb5 axb5 25. Kh1 Bf6 26. Bxh7 Qxh7 27. Qxh7+ Kxh7 28. Nxe6 Kg8 29. Nc7 Rc8 30. Bd4 Rxc7
31. Bxf6 Neg6 32. Nd4 Rf7 33. Re8 Kh7 34. Rb8 Ba6 35. Ra8 Bb7 36. Ra7 Nf4 37. Nxc6 N8e6 38. Ne5 Rc7 39. c6 Bc8 40. Rxc7+ Nxc7
41. Nd7 d4 42. Bxd4 Nfe6 43. Rf7+ Kg8 44. Ne5 Na6 45. Bc3 Nec7 46. Re7 Be6 47. Kh2 Bd5 48. Ba1 Ne6 49. Ng6 Nac7 50. Be5 Na8
51. c7 Naxc7 52. Bxc7 Nxc7 53. Rxc7 Bb3 54. h4 gxh4 55. Nxh4 Bc4 56. Kg3 h5 57. Rxc4 bxc4 58. Kf4 Kf7 59. Ke4 c3 60. Kd3 c2
61. Kxc2 Kf6 62. b5 Ke6 63. Kc3 Kd5 64. Kb4 Kd6 65. Ka5 Kc7 66. Ka6 Kb8 67. b6 Ka8 68. b7+ Kb8 69. g3 Kc7 70. Ka7 Kd6
71. b8=Q+ Kd5 72. Qe8 Kd4 73. Qe6 Kd3 74. Qf5+ Kd4 75. Kb6 Kc4 76. Qe4+ Kc3 77. Kc5 Kb2 78. Kb4 Kc1 79. Kc3 Kd1 80. Qe8 Kc1
81. Qe1#
1-0

[Event "FH 3"]
[Site "SchemingMind.com"]
[Date "2022.05.02"]
[Round "-"]
[White "Gomezeta"]
[Black "Drag0nBall"]
[Result "0-1"]
[WhiteCountry "ITA"]
[BlackCountry "NCA"]
[WhiteElo "1573"]
[WhiteRD "129"]
[BlackElo "2343"]
[BlackRD "111"]
[GameID "723201"]

1. c4 e6 2. Nc3 d5 3. cxd5 exd5 4. d4 c6 5. Bf4 Nf6 6. e3 Bf5 7. Bd3 Bxd3 8. Qxd3 Be7 9. Nge2 O-O 10. O-O Re8
11. Ng3 Nbd7 12. f3 Nf8 13. Rad1 Ne6 14. Be5 Nd7 15. Qd2 f6 16. Bf4 g5 17. Bd6 Bxd6 18. Nf5 Bb4 19. f4 Kh8 20. fxg5 Nxg5
21. Rf4 Rg8 22. Kh1 Ne4 23. Qc2 Bxc3 24. bxc3 Nb6 25. Rh4 Qd7 26. Rf1 Rae8 27. Rhf4 Nc4 28. Qe2 Rg5 29. h4 Rxf5 30. Kh2 Rxf4
31. Rxf4 Nxc3 32. Qh5 Nxe3 33. Rxf6 Ng4+ 34. Kg3 Ne2+
0-1

[Event "FH 3"]
[Site "SchemingMind.com"]
[Date "2022.05.03"]
[Round "-"]
[White "Gomezeta"]
[Black "Kenny Elliott"]
[Result "1-0"]
[WhiteCountry "ITA"]
[BlackCountry "USA"]
[WhiteElo "1608"]
[WhiteRD "148"]
[BlackElo "1523"]
[BlackRD "70"]
[GameID "723202"]

1. d4 Nf6 2. c4 g6 3. Nf3 Bg7 4. Nc3 d5 5. Bf4 O-O 6. e3 Bg4 7. Rc1 Ne4 8. Nxd5 c6 9. Nc3 Qa5 10. Be2 Nxc3
11. Rxc3 Qxa2 12. Qc1 Bxf3 13. Ra3 Qxa3 14. bxa3 Bxg2 15. Rg1 Nd7 16. Rxg2 e5 17. dxe5 Nxe5 18. h4 h5 19. Bxe5 Bxe5 20. Bxh5 Kh7
21. Qc2 Rg8 22. Be2 Rae8 23. h5 Kh6 24. hxg6 fxg6 25. c5
1-0

[Event "FH 3"]
[Site "SchemingMind.com"]
[Date "2022.05.02"]
[Round "-"]
[White "maro"]
[Black "Gomezeta"]
[Result "0-1"]
[WhiteCountry "MEX"]
[BlackCountry "ITA"]
[WhiteElo "1409"]
[WhiteRD "79"]
[BlackElo "1573"]
[BlackRD "129"]
[GameID "723203"]

1. d4 d5 2. c4 Nf6 3. Nc3 g6 4. Nf3 Bg7 5. Bf4 c6 6. c5 Nbd7 7. e3 O-O 8. Bd3 a5 9. O-O b6 10. cxb6 Qxb6
11. Na4 Qd8 12. Rc1 Bb7 13. Nc5 Nxc5 14. dxc5 Nh5 15. Qa4 Nxf4 16. Qxf4 f6 17. Nd4 e5 18. Qg3 exd4 19. exd4 f5 20. Qf4 Qf6
21. Qc7 Rf7 22. Qb6 Qxd4 23. Rcd1 Qxb2 24. Qxb2 Bxb2 25. Rb1 Bc3 26. a4 Bb4 27. f4 Re7 28. g4 fxg4 29. f5 Bxc5+ 30. Kh1 Ba6
31. Bxa6 Rxa6 32. Rb8+ Kf7 33. fxg6+ Kxg6 34. Rg8+ Rg7 35. Re8 Raa7 36. Re6+ Kg5 37. Rxc6 Bd4 38. Rd1 Bf6 39. Rxd5+ Kg6 40. Kg2 Rgf7
41. Kg3 h6 42. Kxg4 Rh7 43. h4 Rhe7 44. h5+ Kg7 45. Kf5 Bg5 46. Rg6+ Kh7 47. Rdd6 Rf7+ 48. Ke5 Bf4+ 49. Ke6 Bxd6 50. Kxd6 Ra6+
51. Kc5 Rxg6 52. hxg6+ Kxg6 53. Kb5 Rf5+
0-1

[Event "FH 3"]
[Site "SchemingMind.com"]
[Date "2022.05.02"]
[Round "-"]
[White "Gomezeta"]
[Black "Black Knight"]
[Result "1-0"]
[WhiteCountry "ITA"]
[BlackCountry "USA"]
[WhiteElo "1534"]
[WhiteRD "175"]
[BlackElo "1194"]
[BlackRD "69"]
[GameID "723204"]

1. d4 d5 2. c4 Nf6 3. Nc3 e6 4. Nf3 Bb4 5. cxd5 Nxd5 6. Bd2 Nxc3 7. bxc3 Bd6 8. e4 Nd7 9. e5 Be7 10. Bd3 b6
11. Qe2 c5 12. O-O Bb7 13. Be3 Qc7 14. Rfd1 O-O 15. Rac1 Bd5 16. c4 Bxf3 17. Qxf3 cxd4 18. Qe4 Nc5 19. Qxh7#
1-0

[Event "FH 3"]
[Site "SchemingMind.com"]
[Date "2022.05.02"]
[Round "-"]
[White "JAHI"]
[Black "Gomezeta"]
[Result "1-0"]
[WhiteCountry "INT"]
[BlackCountry "ITA"]
[WhiteElo "2145"]
[WhiteRD "68"]
[BlackElo "1534"]
[BlackRD "175"]
[GameID "723205"]

1. f3 e5 2. b3 d5 3. Bb2 Bd6 4. g3 c5 5. Bg2 Nf6 6. Kf1 Nc6 7. e3 O-O 8. Nc3 Be6 9. f4 Re8 10. Nf3 e4
11. Ne1 Bg4 12. Ne2 Bc7 13. h3 Be6 14. Rh2 d4 15. Kg1 h5 16. Kh1 Qd6 17. Bf1 Rad8 18. Qc1
1-0